00637nam a22001697a 4500082002800000100002700028245003800055260004400093300001300137526003700150526003700187650001300224942001200237999001900249952010100268952009800369 a510.2462bANDcL-3, P-6 aAddres, Paul G.938973 aBasic Mathematics for Engineering aLondonbJohn Wiley and Sonss Inc.c1949 ax, 776.p a0b0c0d510_246200000000000_AND a0b0c0d510_246200000000000_AND aMCE9379 2ddccBK c543572d543572 00102ddc4070aMCEbMCEd2014-03-26l0o510.2462 ANDpMCE-29166r2014-03-26t2w2014-03-26yBK 00102ddc4070aMCEbMCEd2014-03-27l0o510.2462 ANDpMCE-29165r2014-03-27w2014-03-27yBK